000
00330nam a22001457a 4500
008
230208b ||||| |||| 00| 0 eng d
020
_a
9780134494074
041
_a
eng
080
_2
ELEVENTH EDITION
_a
51
082
_a
51McG
100
_a
20
101
_a
MATEM
245
_a
INTERMEDIATE ALGEBRA
_c
McGINNIS
942
_2
udc
_c
BK
999
_c
59341
_d
59341